| 000 | 00536nam a2200169 i 4500 | ||
|---|---|---|---|
| 001 | 80703 | ||
| 003 | ES-MaACL | ||
| 005 | 20230906174256.0 | ||
| 007 | t| | ||
| 008 | 041029s1959 sp ||||1| spa d | ||
| 100 | 1 |
_aHolm, W. _964045 |
|
| 245 | 1 | 0 |
_aTelevisión sin matemáticas / _cpor W. Holm ; [traducido por Luis F. Arribas]. |
| 260 |
_aMadrid : _bBiblioteca Técnica y Científica Philips, _c1959. |
||
| 300 |
_aXVI, 361 p., 4 lám. : _bil. ; _c22 cm. |
||
| 700 | 1 |
_aArribas, Luis F. _923286 |
|
| 852 |
_aES-MaACL _jF-6860 _bR.48457 |
||
| 999 |
_c80703 _d80703 |
||